| 000 | 01149nam0a22002651 4500 | ||
|---|---|---|---|
| 001 | v19\rc\1309510 | ||
| 005 | 20260406053653.0 | ||
| 035 | _a(NLR Aleph) 005204454 | ||
| 090 |
_a5343556 _c5343556 |
||
| 100 | _a20060512d1898 |||y0rusy50 ca | ||
| 101 | 0 | _arus | |
| 102 | _aRU | ||
| 105 | _ay z ||||| | ||
| 200 | 1 | _aИз лекций по библейской истории читанных студентам ... С.П.Б. Дух. академии испр. д. доцента В.Д. Быстровым | |
| 210 |
_a[Санкт-Петербург] _cлитогр. Фомина _d1898 |
||
| 215 |
_a196 с. _d28 |
||
| 300 | _aДата обозначена еврейским алфавитом | ||
| 309 | _aНаписано от руки. Литогр. | ||
| 700 | 0 |
_7ca _8rus _aФеофан _cБыстров, Василий Дмитриевич _cархиепископ Полтавский и Переяславский _f1873-1940 _9118287 _3RU\NLR\AUTH\778378 |
|
| 801 | 0 |
_aRU _bNLR _c20060512 _gpsbo |
|
| 801 | 1 |
_aRU _bProSoft-M _c20060512 _2rusmarc |
|
| 801 | 2 |
_aRU _bNLR _c20101030 _2rusmarc |
|
| 852 |
_aNLR _j19.117.5.53 |
||
| 942 | _cBOOK | ||
| 980 | _aNB | ||